LEADER 01159nam0-2200325---450- 001 990008859690403321 005 20090528091545.0 020 $b596828 035 $a000885969 035 $aFED01000885969 035 $a(Aleph)000885969FED01 035 $a000885969 100 $a20090527d1959----km-y0itay50------ba 101 0 $alat 102 $aIT 105 $ay-------001yy 200 1 $aCantici canticorum vetus latina translatio a S. Hieronymo ad Graecum textum hexaplarem emendata$fdetexit, edidit, apparatu critico instruxit Albertus Vaccari 210 $aRoma$cEdizioni di storia e letteratura$d1959 215 $a39 p., 1 c. di tav.$d25 cm 610 0 $aBibbia$aVecchio Testamento$aCantico dei cantici$aGirolamo, santo$aVersioni latine 676 $a223 702 0$aHieronymus$f<342/347-419> 702 1$aVaccari,$bAlberto$f<1875-1965> 801 0$aIT$bUNINA$gRICA$2UNIMARC 901 $aBK 912 $a990008859690403321 952 $aP2B-650-HIERON.-4086A-1959$bBibl. 31422$fFLFBC 959 $aFLFBC 996 $aCantici canticorum vetus latina translatio a S. Hieronymo ad Graecum textum hexaplarem emendata$9803869 997 $aUNINA LEADER 01373nam a22002771i 4500 001 991001829369707536 005 20031223083731.0 008 040407s1980 it a||||||||||||||||ita 035 $ab12829687-39ule_inst 035 $aARCHE-080930$9ExL 040 $aDip.to Scienze Storiche$bita$cA.t.i. Arché s.c.r.l. Pandora Sicilia s.r.l. 082 04$a301.3 111 2 $aColloquio internazionale sul tema Geografia e percezione dell'ambiente$d<1979 ;$cMilano>$0426543 245 10$aRicerca geografica e percezione dell'ambiente :$batti del Colloquio internazionale sul tema Geografia e percezione dell'ambiente, svoltosi a Milano il 26 febbraio 1979 ... /$cRobert Geipel ... [et al.] ; introduzione di G. Corna Pellegrini 260 $aMilano :$bUnicopli,$c1980 300 $a295 p. :$bill. ;$c24 cm 440 0$aStudi e ricerche sul territorio ;$v4 650 4$aUomo e ambiente naturale$xCongressi$y1979 700 1 $aCorna Pellegrini, Giacomo 700 1 $aGeipel, Robert$eauthor$4http://id.loc.gov/vocabulary/relators/aut$036611 907 $a.b12829687$b02-04-14$c16-04-04 912 $a991001829369707536 945 $aLE009 GEOG.13-165$g1$i2009000394957$lle009$o-$pE0.00$q-$rl$s- $t0$u0$v0$w0$x0$y.i1338157x$z16-04-04 996 $aRicerca geografica e percezione dell'ambiente$91448115 997 $aUNISALENTO 998 $ale009$b16-04-04$cm$da $e-$fita$git $h0$i1 LEADER 04639nam 2200673 a 450 001 9910957816503321 005 20240416073715.0 010 $a1-60086-587-9 010 $a1-60086-368-X 035 $a(CKB)2550000000073723 035 $a(EBL)3111681 035 $a(SSID)ssj0000565823 035 $a(PQKBManifestationID)12218189 035 $a(PQKBTitleCode)TC0000565823 035 $a(PQKBWorkID)10533049 035 $a(PQKB)11404185 035 $a(Au-PeEL)EBL3111681 035 $a(CaPaEBR)ebr10516786 035 $a(OCoLC)922978937 035 $a(MiAaPQ)EBC3111681 035 $a(BIP)7473529 035 $a(EXLCZ)992550000000073723 100 $a20120103d1988 uy 0 101 0 $aeng 135 $aur|n|---||||| 181 $ctxt$2rdacontent 182 $cc$2rdamedia 183 $acr$2rdacarrier 200 00$aFlames /$feditors, A.L. Kuhl [et al.] 205 $a1st ed. 210 1$aWashington, D.C. :$cAmerican Institute of Aeronautics and Astronautics,$d1988. 215 $a1 online resource (452 pages) $cillustrations 225 1 $aProgress in astronautics and aeronautics ;$vv. 113 225 0 $aDynamics of reactive systems ;$vpt. 1 300 $a"Technical papers presented from the eleventh International Colloquium on Dynamics of Explosions and Reactive Systems, Warsaw, Poland, August 1987, and subsequently revised for this volume." 311 0 $a0-930403-46-0 320 $aIncludes bibliographical references and index. 327 $a""Cover""; ""Title""; ""Copyright""; ""Table of Contents""; ""Preface""; ""Chapter I. Ignition Dynamics""; ""Ignition Processes in Hydrogen-Oxygen Mixtures and the Influence of the Uniform Pressure Assumption""; ""Relationship Between Ignition Delay and Reaction Zone Energy Release""; ""Study of Methane Ignition in Reflected Shock Waves""; ""Ignition Processes of Falling Droplet Columns Behind a Reflected Shock""; ""Low-Temperature Ignition of Acetaldehyde Oxygen Mixtures Initiated by Organic Peroxides Adsorbed on a Reaction Vessel Surface""; ""Chapter II. Flame Chemistry"" 327 $a""Systematic Reduction of Flame Kinetics: Principles and Details"" ""Sensitivity Analysis in Aliphatic Hydrocarbon Combustion""; ""Study of the Influence of Nitrogen Oxides on the Chemi-ionization in C2H2/O2/Ar Flames""; ""Chapter III. Diffusion Flames in Shear Flows""; ""Asymptotic Analysis of the Structure and Extinction of Methane-Air Diffusion Flames""; ""Structure and Extinction Limits of Some Strained Premixed Flames""; ""Influences of a Tangential Shear Flow and Differential Diffusion on Hydrodynamic Flame Stability"" 327 $a""Simulation of Stretched Premixed CH4-Air and C3H8-Air Flames with Detailed Chemistry"" ""Stability of a Premixed Laminar V-Shaped Flame""; ""Flame Propagation in a Nonuniform Mixture: The Structure of Anchored Triple-Flames""; ""Chapter IV. Dynamics of Flames""; ""Fluid Mechanical Properties of Flames in Enclosures""; ""Dynamic Effects of Flame Baroclinicity""; ""Flame Propagation Model by Use of Finite-Difference Methods""; ""Numerical Study on the Reaction Process in a Plane Shear Layer""; ""Flame Front Turbulence Behavior in an Accelerating or Decelerating Methane-Air Mixture"" 327 $a""Mechanism of Gas Flame Acceleration in the Presence of Neutral Particles"" ""Possible Acoustic Source in Turbulent Combustion""; ""Structure of Unsteady and Steady Hydrogen/Air Premixed Flames""; ""Flame Flashback for Low Reynolds Number Flows""; ""Chapter V. Combustion Diagnostics""; ""Diagnostics in Reacting Flows""; ""Multidirection Speckle Photography of Density Gradients in a Flame""; ""Investigations of the Instantaneous Density Field of Tubulent Premixed Conical Flames""; ""Author Index"" 330 $aPapers from the colloquium held August 1987. The first part of the two-volume set covers flames: ignition dynamics, flame chemistry, diffusion flames in shear flow, dynamics of flames, combustion diagnostics. Part two is focused on heterogeneous combustion and applications. 410 0$aProgress in astronautics and aeronautics ;$v113. 606 $aCombustion$vCongresses 606 $aGas dynamics$vCongresses 606 $aFlame$vCongresses 615 0$aCombustion 615 0$aGas dynamics 615 0$aFlame 676 $a541.3/61 701 $aKuhl$b A. L$023160 712 12$aInternational Colloquium on Dynamics of Explosions and Reactive Systems$d(11th :$f1987 :$eWarsaw, Poland) 801 0$bMiAaPQ 801 1$bMiAaPQ 801 2$bMiAaPQ 906 $aBOOK 912 $a9910957816503321 996 $aFlames$94475069 997 $aUNINA